| 000 | 01649nam a22002417a 4500 | ||
|---|---|---|---|
| 999 |
_c33799 _d33799 |
||
| 001 | 3092 | ||
| 003 | CO-MdFUSB | ||
| 005 | 20180622073131.0 | ||
| 008 | 180508s1987 pe ||||| |||| 00| 0 spa d | ||
| 040 |
_aCO-MdFUSB _bspa _cCO-MdFUSB _dCO-MdFUSBC _erda |
||
| 041 | 0 | _aspa | |
| 082 | 0 | 4 | _aG 230 A6621t |
| 245 | 0 |
_aTeología en el camino _c/ Elena García, Samuel Escobar, Introducción y notas, Pedro Arana Quiroz, Compilador |
|
| 264 | 1 |
_aLima, Perú : _b Presencia _c[1987] |
|
| 300 | _a206 Pag | ||
| 336 |
_2rdacontent _atexto _btxt |
||
| 337 |
_2rdamedia _asin mediación _bn |
||
| 338 |
_2rdacarrier _avolumen _bnc |
||
| 505 | 0 | 0 | _a- Mensaje de la segunda conferencia evangèlica Latinoamericana - Mensaje de la tercera conferencia evangèlica Latinoamericana - Declaraciòn evangèlica de Bogotà - Declaraciòn evangèlica Cochabamba - Pacto de Lausana - Pacto de Curitiba - Carta de Basilea sobre iglesia y estado - Coloquio de Quito - Carta a las iglesias cristianas y organismos ecumènicos de America Latina - Pacto de Itaicì - Carta de CLADE II - Declaraciòn de Tailandia - Hacia una cristologìa misiològica en el mundo de los dos tercios - Evangelizaciòn y responsabilidad social - Mensaje del CLAI a las iglesias y pueblos del continente Americano - Declaraciòn de Jarabacoa - La iglesia en respuesta a las necesidades humanas - Informe de la consulta teológica sobre responsabilidad social - Carte de Buenos Aires a las iglesias y pueblos de America Latina - La vida en el Espìritu - Afirmaciòn de San Jose - Documento de Puerto Alegre |
| 650 | 7 |
_aTeología bíblica _9320 |
|
| 653 | _aColecciones | ||
| 942 | _cBK | ||